Statistics for 河北省下辖县级行政区地图 County-level administrative divisions of Hebei

Click here to take the quiz!

General Stats

  • This quiz has been taken 129 times
  • The average score is 101 of 167

Answers on the Map

Answers color-coded by a green-red scale on the quiz's map according to % correct below.
 

Answer Stats

县级类地名% Correct
自治县大厂回族自治县
88%
县级市三河市
88%
香河县
86%
雄县
86%
市辖区山海关区
85%
正定县
84%
市辖区北戴河区
84%
县级市定州市
82%
县级市涿州市
82%
井陉县
82%
市辖区井陉矿区
82%
市辖区桥西区
81%
县级市高碑店市
81%
市辖区曹妃甸区
79%
自治县青龙满族自治县
78%
自治县围场满族蒙古族自治县
77%
市辖区藁城区
77%
县级市黄骅市
77%
安新县
77%
县级市霸州市
75%
卢龙县
74%
市辖区裕华区
74%
市辖区新华区
74%
容城县
73%
赵县
73%
沧县
73%
涞源县
73%
市辖区路北区
71%
涞水县
71%
市辖区下花园区
71%
张北县
71%
市辖区桥东区
71%
昌黎县
71%
吴桥县
70%
市辖区路南区
70%
市辖区崇礼区
70%
市辖区峰峰矿区
70%
承德县
70%
市辖区广阳区
70%
市辖区宣化区
68%
易县
68%
市辖区安次区
68%
固安县
68%
县级市晋州市
67%
县级市辛集市
67%
市辖区冀州区
67%
市辖区长安区
67%
市辖区海港区
67%
磁县
66%
魏县
66%
大名县
66%
市辖区丰润区
66%
怀来县
66%
县级市迁安市
64%
市辖区莲池区
64%
县级市泊头市
64%
市辖区栾城区
64%
县级市河间市
64%
迁西县
63%
市辖区鹰手营子矿区
63%
市辖区双桥区
63%
市辖区满城区
63%
蔚县
63%
市辖区鹿泉区
63%
县级市沙河市
63%
县级市滦州市
63%
县级市安国市
62%
赞皇县
62%
县级市遵化市
62%
自治县丰宁满族自治县
62%
青县
62%
大城县
62%
市辖区开平区
60%
市辖区古冶区
60%
市辖区徐水区
60%
市辖区清苑区
60%
市辖区丰南区
60%
县级市新乐市
60%
清河县
59%
市辖区竞秀区
59%
县级市深州市
59%
涉县
59%
定兴县
59%
阜平县
59%
南皮县
59%
县级市任丘市
59%
市辖区邯山区
59%
涿鹿县
59%
滦南县
58%
平山县
58%
唐县
58%
县级市南宫市
58%
县级市武安市
58%
东光县
58%
玉田县
58%
枣强县
58%
滦平县
58%
巨鹿县
56%
市辖区双滦区
56%
市辖区丛台区
56%
元氏县
56%
行唐县
56%
盐山县
56%
市辖区抚宁区
56%
市辖区桃城区
56%
市辖区信都区
55%
蠡县
55%
乐亭县
55%
临漳县
55%
望都县
55%
兴隆县
55%
赤城县
53%
无极县
53%
自治县宽城满族自治县
53%
县级市平泉市
53%
献县
52%
海兴县
52%
深泽县
52%
怀安县
52%
沽源县
52%
市辖区运河区
52%
文安县
51%
高邑县
51%
自治县孟村回族自治县
51%
康保县
51%
鸡泽县
51%
景县
51%
市辖区襄都区
49%
博野县
49%
永清县
49%
市辖区永年区
49%
故城县
48%
宁晋县
48%
武强县
48%
市辖区肥乡区
48%
曲阳县
48%
市辖区万全区
48%
威县
48%
武邑县
48%
尚义县
48%
肃宁县
48%
市辖区任泽区
48%
隆化县
47%
阳原县
47%
馆陶县
47%
高阳县
47%
顺平县
47%
市辖区复兴区
47%
广宗县
45%
邱县
45%
临城县
45%
市辖区南和区
45%
灵寿县
45%
临西县
45%
广平县
44%
隆尧县
44%
柏乡县
44%
阜城县
41%
安平县
40%
饶阳县
40%
内丘县
40%
新河县
38%
成安县
38%
曲周县
37%
平乡县
34%

Score Distribution

Percentile by Number Answered

Percent of People with Each Score

Your Score History

You have not taken this quiz